000 00787cam a22002653a 4500
001 11625
003 PGUSA
005 20140828083239.0
008 040301s2004||||xxu|||||s|||||000 1 eng d
040 _aPGUSA
_beng
042 _adc
050 4 _aPS
100 1 _aWilson, Harry Leon,
_d1867-1939
245 1 4 _aThe Wrong Twin
_h[electronic resource] /
_cHarry Leon Wilson
260 _bProject Gutenberg,
_c2004
506 _aPublic domain in the USA.
516 _aElectronic text
653 _aUnited States -- Social life and customs -- 20th century -- Fiction
653 _aHumorous stories
653 _aCity and town life -- Fiction
653 _aTwins -- Fiction
830 0 _aProject Gutenberg
_v11625
856 4 0 _uhttp://www.gutenberg.org/ebooks/11625
942 _cEB
999 _c240880
_d240880